[Event "Biatorbagy Gal Memorial 1st"]
[Site "Biatorbagy"]
[Date "2013.01.11"]
[Round "4"]
[White "Lantos, Attila"]
[Black "Czibulka, Zoltan"]
[Result "0-1"]
[WhiteElo "2015"]
[BlackElo "2053"]
[PlyCount "102"]
[EventDate "2012.11.30"]
[EventType "swiss"]
[EventRounds "7"]
[EventCountry "HUN"]
[SourceTitle "EXT 2014"]
[Source "ChessBase"]
[SourceDate "2013.11.20"]
[SourceVersion "1"]
[SourceVersionDate "2013.11.20"]
[SourceQuality "1"]

1. e4 e6 2. d4 d5 3. Nc3 Bb4 4. e5 c5 5. a3 Bxc3+ 6. bxc3 Qc7 7. Nf3 Nc6 8. Be3 Bd7 9. Bd3 h6 10. 0-0 Nge7 11. Re1 cxd4 12. cxd4 Na5 13. Nh4 g5 14. Nf3 Nc4 15. Bc1 b5 16. Nd2 Nxd2 17. Bxd2 Nf5 18. Bxf5 exf5 19. Bb4 Be6 20. Re3 Rc8 21. Bc5 Qa5 22. Bb4 Qa4 23. Rc1 Rc4 24. Qd2 Kd7 25. h4 f4 26. Rc3 Rhc8 27. Rxc4 Rxc4 28. hxg5 hxg5 29. c3 Rc8 30. Qd3 Rh8 31. Rb1 Kc6 32. Bc5 a6 33. Bb4 g4 34. Rc1 Qb3 35. Ra1 Qb2 36. Qb1 Qxb1+ 37. Rxb1 Bf5 38. Ra1 Bc2 39. Rc1 Bb3 40. Rb1 Ba4 41. Rc1 Kd7 42. Bc5 Ke6 43. Bb4 Re8 44. Ba5 Kf5 45. Bc7 Bb3 46. Rb1 Bc4 47. Re1 Re6 48. Bd8 Bd3 49. Rd1 Be2 50. Re1 f3 51. g3 Ke4 0-1

[Event "HUN-chT2 Erkel 1112"]
[Site "Hungary"]
[Date "2012.05.06"]
[Round "10.6"]
[White "Lantos, Attila"]
[Black "Budinszky, Andras"]
[Result "1/2-1/2"]
[WhiteElo "2045"]
[BlackElo "2260"]
[PlyCount "26"]
[EventDate "2011.09.25"]
[EventType "team-tourn"]
[EventRounds "11"]
[EventCountry "HUN"]
[SourceTitle "EXT 2013"]
[Source "ChessBase"]
[SourceDate "2012.11.22"]
[SourceVersion "1"]
[SourceVersionDate "2012.11.22"]
[SourceQuality "1"]
[WhiteTeam "Szigetszentmiklos"]
[BlackTeam "Sarkany"]
[WhiteTeamCountry "HUN"]
[BlackTeamCountry "HUN"]

1. e4 d6 2. d4 g6 3. Nc3 Bg7 4. Be3 c6 5. Qd2 b5 6. f3 Nd7 7. h4 h5 8. Nh3 Rb8 9. Ng5 Ngf6 10. Bd3 Nb6 11. b3 Qc7 12. Bg1 0-0 13. Ne2 e5 1/2-1/2

[Event "HUN-chT2 Erkel 1112"]
[Site "Hungary"]
[Date "2012.03.25"]
[Round "8.6"]
[White "Lantos, Attila"]
[Black "Palvolgyi, Istvan"]
[Result "1/2-1/2"]
[WhiteElo "2045"]
[BlackElo "2116"]
[PlyCount "40"]
[EventDate "2011.09.25"]
[EventType "team-tourn"]
[EventRounds "11"]
[EventCountry "HUN"]
[SourceTitle "EXT 2013"]
[Source "ChessBase"]
[SourceDate "2012.11.22"]
[SourceVersion "1"]
[SourceVersionDate "2012.11.22"]
[SourceQuality "1"]
[WhiteTeam "Szigetszentmiklos"]
[BlackTeam "Dunaharaszti"]
[WhiteTeamCountry "HUN"]
[BlackTeamCountry "HUN"]

1. e4 e5 2. Nf3 Nc6 3. Bc4 Be7 4. d4 d6 5. h3 exd4 6. Nxd4 Nf6 7. Nc3 Nxd4 8. Qxd4 0-0 9. Be3 c6 10. Bb3 Qc7 11. 0-0 Be6 12. f4 Nd7 13. Qd2 b5 14. Rae1 a5 15. a4 Bxb3 16. cxb3 b4 17. Ne2 Rfd8 18. Qc2 Rac8 19. Rc1 Bf6 20. Rfd1 c5 1/2-1/2

[Event "HUN-chT2 Erkel 1112"]
[Site "Hungary"]
[Date "2012.03.12"]
[Round "7.6"]
[White "Medvegy, Judit"]
[Black "Lantos, Attila"]
[Result "1-0"]
[WhiteElo "2043"]
[BlackElo "2045"]
[PlyCount "55"]
[EventDate "2011.09.25"]
[EventType "team-tourn"]
[EventRounds "11"]
[EventCountry "HUN"]
[SourceTitle "EXT 2013"]
[Source "ChessBase"]
[SourceDate "2012.11.22"]
[SourceVersion "1"]
[SourceVersionDate "2012.11.22"]
[SourceQuality "1"]
[WhiteTeam "Foti"]
[BlackTeam "Szigetszentmiklos"]
[WhiteTeamCountry "HUN"]
[BlackTeamCountry "HUN"]

1. e4 Nc6 2. d4 e5 3. dxe5 Nxe5 4. Nf3 Qe7 5. Nc3 c6 6. Nxe5 Qxe5 7. f4 Qe7 8. Bd3 Nf6 9. 0-0 Qc5+ 10. Kh1 h5 11. e5 Ng4 12. Ne4 Qb6 13. Qe2 Be7 14. Nd6+ Kf8 15. b3 Qc5 16. a4 b5 17. axb5 cxb5 18. Bxb5 Rb8 19. Bd3 Bb7 20. Nf5 Qb6 21. Nxe7 Kxe7 22. Ba3+ Ke8 23. Rae1 Rc8 24. f5 Rc6 25. Bc4 Ba6 26. e6 dxe6 27. fxe6 fxe6 28. Qf3 1-0

[Event "HUN-chT2 Erkel 1112"]
[Site "Hungary"]
[Date "2012.02.19"]
[Round "6.6"]
[White "Lantos, Attila"]
[Black "Gara, Gyorgy"]
[Result "1-0"]
[WhiteElo "2045"]
[BlackElo "2116"]
[PlyCount "87"]
[EventDate "2011.09.25"]
[EventType "team-tourn"]
[EventRounds "11"]
[EventCountry "HUN"]
[SourceTitle "EXT 2013"]
[Source "ChessBase"]
[SourceDate "2012.11.22"]
[SourceVersion "1"]
[SourceVersionDate "2012.11.22"]
[SourceQuality "1"]
[WhiteTeam "Szigetszentmiklos"]
[BlackTeam "Matra"]
[WhiteTeamCountry "HUN"]
[BlackTeamCountry "HUN"]

1. e4 e6 2. d4 d5 3. Nc3 Nc6 4. e5 a6 5. f4 Qh4+ 6. g3 Qe7 7. Nf3 h5 8. Be3 Qb4 9. Rb1 Nh6 10. a3 Qe7 11. Bd3 g6 12. Ne2 Ng4 13. Bg1 Nh6 14. Qd2 Bd7 15. c3 Na5 16. Ng5 Nf5 17. Bf2 Ba4 18. Nc1 Nc4 19. Qe2 Bc6 20. Nb3 b6 21. Nd2 Nxd2 22. Qxd2 Qd7 23. Qe2 Be7 24. Nf3 Bb7 25. 0-0 h4 26. g4 Ng7 27. h3 c5 28. Rfc1 c4 29. Bc2 Bc6 30. Ra1 b5 31. Rf1 0-0-0 32. b4 Qc7 33. a4 Kd7 34. axb5 axb5 35. Ra5 Ra8 36. Rfa1 Rxa5 37. Rxa5 Ra8 38. Rxa8 Bxa8 39. Bxh4 Bxh4 40. Nxh4 Qd8 41. Nf3 Bc6 42. Qe1 Qa8 43. Kg2 Qa2 44. Qd2 1-0

[Event "HUN-chT2 Erkel 1112"]
[Site "Hungary"]
[Date "2011.10.30"]
[Round "2.6"]
[White "Rabovszky, Gyorgy"]
[Black "Lantos, Attila"]
[Result "1-0"]
[WhiteElo "1902"]
[BlackElo "2045"]
[PlyCount "123"]
[EventDate "2011.09.25"]
[EventType "team-tourn"]
[EventRounds "11"]
[EventCountry "HUN"]
[SourceTitle "EXT 2013"]
[Source "ChessBase"]
[SourceDate "2012.11.22"]
[SourceVersion "1"]
[SourceVersionDate "2012.11.22"]
[SourceQuality "1"]
[WhiteTeam "Honved II"]
[BlackTeam "Szigetszentmiklos"]
[WhiteTeamCountry "HUN"]
[BlackTeamCountry "HUN"]

1. e4 Nc6 2. d4 e5 3. Nf3 Qe7 4. d5 Nb8 5. Bd3 d6 6. Bg5 Nf6 7. Nbd2 Nbd7 8. Nb3 h6 9. Bd2 a6 10. 0-0 g5 11. g3 Bg7 12. h4 g4 13. Ne1 h5 14. Ng2 Nf8 15. c4 b6 16. Qc2 N8h7 17. a4 a5 18. Ne3 0-0 19. Nc1 Bd7 20. Ne2 Rfc8 21. Nc3 Kh8 22. f3 gxf3 23. Rxf3 Bg4 24. Nxg4 Nxg4 25. Raf1 f6 26. Rf5 Qf7 27. Be2 Qg6 28. Qd3 Rg8 29. Kg2 Bf8 30. Nd1 Bh6 31. Bxh6 Qxh6 32. Kh3 Rg6 33. Nf2 Rag8 34. Bxg4 hxg4+ 35. Kg2 Qg7 36. Qd2 Qd7 37. b3 Qg7 38. Nd1 Rf8 39. Rh5 Kg8 40. Rf2 Qf7 41. Rh6 Qg7 42. Rh5 Qf7 43. Ne3 Rg7 44. Rh6 Kh8 45. Rf5 Qd7 46. Rfh5 Rgf7 47. Qf2 Rg8 48. Qe2 Rgg7 49. Rf5 Qd8 50. Nxg4 Qg8 51. Kh3 Rg6 52. Rfh5 Rfg7 53. Rxg6 Rxg6 54. Qf3 Qg7 55. Ne3 Kg8 56. g4 Qf7 57. Nf5 Kf8 58. Ng3 Ke7 59. Qf5 Nf8 60. Qc8 Qe8 61. Qxc7+ Nd7 62. Rh7+ 1-0

[Event "Budapest Spring op 26th"]
[Site "Budapest"]
[Date "2010.03.19"]
[Round "1"]
[White "Boguszlavszkij, Jevgenyij"]
[Black "Lantos, Attila"]
[Result "1-0"]
[WhiteElo "2281"]
[BlackElo "2006"]
[PlyCount "103"]
[EventDate "2010.03.19"]
[EventType "swiss"]
[EventRounds "9"]
[EventCountry "HUN"]
[SourceTitle "CBM 135 Extra"]
[Source "ChessBase"]
[SourceDate "2010.05.04"]
[SourceVersion "1"]
[SourceVersionDate "2010.05.04"]
[SourceQuality "1"]

1. e4 c5 2. Nc3 e6 3. d3 a6 4. g3 Qc7 5. Bg2 b6 6. f4 Bb7 7. Nf3 Nc6 8. 0-0 Be7 9. Be3 d6 10. Ne2 Nf6 11. h3 Nh5 12. g4 Nf6 13. c3 Nd7 14. d4 h5 15. g5 h4 16. d5 Na7 17. c4 0-0-0 18. a4 Kb8 19. Bf2 Nf8 20. Bxh4 f5 21. exf5 exf5 22. Be1 Ng6 23. Bc3 Rh7 24. Kf2 Re8 25. Qd2 Qd7 26. b3 Bd8 27. Rh1 Reh8 28. Rhe1 Qf7 29. b4 Nc8 30. bxc5 dxc5 31. Ne5 Nxe5 32. Bxe5+ Ka8 33. Qd3 Rf8 34. Rab1 Qd7 35. Qa3 Nd6 36. Qd3 Ne4+ 37. Kg1 Rfh8 38. Nc3 Rh4 39. a5 Qe8 40. Nxe4 fxe4 41. Qxe4 Qd7 42. Re3 R8h5 43. Qg6 Rxh3 44. Rxh3 Rxh3 45. Qe6 Qxe6 46. dxe6 Rg3 47. Rb2 b5 48. Kh2 Rxg2+ 49. Rxg2 Bxg2 50. Kxg2 bxc4 51. Bxg7 Kb7 52. Be5 1-0

[Event "Budapest FS02 FM-A"]
[Site "Budapest"]
[Date "2010.02.16"]
[Round "11"]
[White "Lantos, Attila"]
[Black "Radnai, Adam"]
[Result "0-1"]
[WhiteElo "2040"]
[BlackElo "2227"]
[PlyCount "71"]
[EventDate "2010.02.06"]
[EventType "tourn"]
[EventRounds "11"]
[EventCountry "HUN"]
[SourceTitle "CBM 135 Extra"]
[Source "ChessBase"]
[SourceDate "2010.05.04"]
[SourceVersion "1"]
[SourceVersionDate "2010.05.04"]
[SourceQuality "1"]

1. e4 c5 2. Nf3 Nc6 3. Nc3 e5 4. Bc4 Be7 5. 0-0 d6 6. Nd5 Nf6 7. Nxe7 Qxe7 8. Re1 0-0 9. h3 Rb8 10. a4 a6 11. a5 Qc7 12. c3 Nxa5 13. Bf1 c4 14. d4 cxd3 15. Bxd3 Be6 16. Bc2 h6 17. Nh4 Rbd8 18. Qf3 Nh7 19. Qh5 Nf6 20. Qf3 Nh7 21. Qh5 g5 22. Nf5 Bxf5 23. exf5 Kg7 24. h4 Nf6 25. Qe2 gxh4 26. Ra4 e4 27. Qd2 Rh8 28. Bxe4 Nb3 29. Qf4 Nc5 30. Rc4 b5 31. Rxc5 Qxc5 32. Qxh4 Rde8 33. Be3 Rxe4 34. Qg3+ Rg4 35. Qf3 Qd5 36. Qh3 0-1

[Event "Budapest FS02 FM-A"]
[Site "Budapest"]
[Date "2010.02.15"]
[Round "10"]
[White "Mayer, Istvan"]
[Black "Lantos, Attila"]
[Result "1-0"]
[WhiteElo "2160"]
[BlackElo "2040"]
[PlyCount "65"]
[EventDate "2010.02.06"]
[EventType "tourn"]
[EventRounds "11"]
[EventCountry "HUN"]
[SourceTitle "CBM 135 Extra"]
[Source "ChessBase"]
[SourceDate "2010.05.04"]
[SourceVersion "1"]
[SourceVersionDate "2010.05.04"]
[SourceQuality "1"]

1. e4 c5 2. Nf3 e6 3. d4 cxd4 4. Nxd4 a6 5. c4 Qc7 6. Nc3 Nf6 7. Be2 Bb4 8. Qc2 0-0 9. 0-0 Bxc3 10. bxc3 d5 11. exd5 exd5 12. cxd5 Nxd5 13. c4 Nf4 14. Bf3 Ng6 15. Ba3 Rd8 16. Rad1 Bd7 17. Nf5 Bxf5 18. Rxd8+ Qxd8 19. Qxf5 Nc6 20. Bd5 Qe8 21. Qb1 Qc8 22. Qb6 Nf4 23. Rb1 Nxd5 24. cxd5 Nd8 25. Qd6 h5 26. Re1 Qf5 27. h3 Kh7 28. Re5 Qb1+ 29. Kh2 f6 30. Rxh5+ Kg6 31. Rh8 Nf7 32. Qg3+ Kf5 33. Rxa8 1-0